| 000 -ლიდერი |
| ფიქსირებული სიგრძის საკონტროლო ველი |
01785nam a22002537a 4500 |
| 003 - საკონტროლო ნომრის იდენტიფიკატორი |
| საკონტროლო ველი |
Ge_BSU |
| 005 - ბოლო ოპერაციის თარიღი და დრო |
| საკონტროლო ველი |
20230615152250.0 |
| 008 - ფიქსირებული სიგრძის მონაცემთა ელემენტები - ზოგადი ინფორმაცია |
| ფიქსირებული სიგრძის საკონტროლო ველი |
230615s2015 ge ||||| |||| 00| 0 geo d |
| 020 ## - წიგნის საერთაშორისო სტანდარტული ნომერი |
| International Standard Book Number |
9789941224836 |
| 041 ## - ენის კოდი |
| Language code of text/sound track or separate title |
geo |
| 080 ## - უნივერსალური ათობითი კლასიფიკაციის ინდექსი |
| Universal Decimal Classification number |
39(=352.2) თ-77 |
| 100 ## - მთავარი ჩანაწერი - პიროვნების სახელი |
| Personal name |
თოფჩიშვილი, რ. |
| 9 (RLIN) |
18739 |
| 245 ## - ცნობა სათაურის შესახებ |
| Title |
აფხაზურ-ადიღეური ეთნიკური ერთობების ეთნოგენეზის შესახებ / |
| Statement of responsibility, etc |
როლანდ თოფჩიშვილი; რედ. სალომე ბახია-ოქრუაშვილი; ივანე ჯავახიშვილის სახ. თბილ. სახელმწ. უნ-ტი, ჰუმანიტ. მეცნ. ფაკ-ტი, ეთნოლოგიის სასწ.-სამეცნ. ინ-ტი. |
| 264 ## - წარმოების, გამოცემის, დისტრიბუციის და სხვა ცნობები |
| გამოცემის, წარმოების, დისტრიბუციის... ადგილი |
თბილისი : |
| გამოცემის, წარმოების, დისტრიბუციის... სახელწოდება |
უნივერსალი, |
| გამოცემის, წარმოების, დისტრიბუციის... თარიღი |
2015. |
| 300 ## - ფიზიკური აღწერა |
| Extent |
100 გვ. ; |
| Other physical details |
20 სმ. |
| 500 ## - ზოგადი შენიშვნა |
| General note |
გარეკანზე: ჩერქეზები ეროვნულ სამოსში, XVIII-XIX საუკუნის დასაწყისი. |
| 504 ## - BIBLIOGRAPHY, ETC. NOTE |
| Bibliography, etc |
ბიბლიოგრ. ტექსტის შენიშვნებში. |
| 520 ## - SUMMARY, ETC. |
| Summary, etc |
რეზ. ინგლ. და რუს. |
| 653 ## - INDEX TERM--UNCONTROLLED |
| Uncontrolled term |
აფხაზური ეთნოგენეზი. |
| 653 ## - INDEX TERM--UNCONTROLLED |
| Uncontrolled term |
ადიღეური ეთნოგენეზი |
| 700 ## - ADDED ENTRY--PERSONAL NAME |
| Personal name |
ბახია-ოქრუაშვილი, ს. (სალომე) |
| Relator term |
რედაქტორი |
| 9 (RLIN) |
18740 |
| 710 ## - ADDED ENTRY--CORPORATE NAME |
| Corporate name or jurisdiction name as entry element |
თსუ. |
| Subordinate unit |
ჰუმანიტ. მეცნ. ფაკ-ტი. ეთნოლოგიის სასწ.-სამეცნ. ინ-ტი. |
| 9 (RLIN) |
18741 |
| 942 ## - ADDED ENTRY ELEMENTS (KOHA) |
| Source of classification or shelving scheme |
|
| Koha item type |
წიგნი |